Analýza využívania obecného majetku pomocou vybraných benchmarkingových indikátorov
Komparatívna analýza využívania obecného majetku pomocou vybraných benchmarkingových indikátorov. Ohodnotenie efektov z využitia majetku vybraných subjektov pomocou ukazovateľov benchmarkingu a ich vzájomné porovnanie.
Salvato in:
| Autore principale: | |
|---|---|
| Natura: | Capitolo di libro |
| Lingua: | slovacco |
| Soggetti: | |
| Tags: |
Nessun Tag, puoi essere il primo ad aggiungerne!!
|
MARC
| LEADER | 00000nla a2200000 4500 | ||
|---|---|---|---|
| 001 | 0207613 | ||
| 005 | 20240502073442.7 | ||
| 041 | 0 | |a slo | |
| 044 | |a SK | ||
| 245 | 1 | 0 | |a Analýza využívania obecného majetku pomocou vybraných benchmarkingových indikátorov |c Zuzana Brindzová |
| 520 | |a Komparatívna analýza využívania obecného majetku pomocou vybraných benchmarkingových indikátorov. Ohodnotenie efektov z využitia majetku vybraných subjektov pomocou ukazovateľov benchmarkingu a ich vzájomné porovnanie. | ||
| 610 | 2 | 0 | |a analýza komparatívna |
| 610 | 2 | 0 | |a majetok |
| 610 | 2 | 0 | |a obce |
| 610 | 2 | 0 | |a ukazovatele efektívnosti |
| 610 | 2 | 0 | |a benchmarking |
| 100 | 1 | |a Brindzová, Zuzana | |